Elementary mechanics of solids (Record no. 4447)

000 -LEADER
fixed length control field 00558nam a2200217 a 4500
001 - CONTROL NUMBER
control field 4447
003 - CONTROL NUMBER IDENTIFIER
control field BD-DhUET
008 - FIXED-LENGTH DATA ELEMENTS--GENERAL INFORMATION
fixed length control field 810420t19811980nyua b 001 0 eng
020 ## - INTERNATIONAL STANDARD BOOK NUMBER
International Standard Book Number 085226819X
040 ## - CATALOGING SOURCE
Original cataloging agency DLC
Transcribing agency DLC
Modifying agency BD-DhUET
082 ## - DEWEY DECIMAL CLASSIFICATION NUMBER
Classification number 531
Item number SIN/1980
100 ## - MAIN ENTRY--PERSONAL NAME
Personal name Singh, Pashupati Nath
245 10 - TITLE STATEMENT
Title Elementary mechanics of solids
250 ## - EDITION STATEMENT
Edition statement 1st ed.
260 ## - PUBLICATION, DISTRIBUTION, ETC. (IMPRINT)
Place of publication, distribution, etc. New Delhi
Name of publisher, distributor, etc. Wiley Eastern
Date of publication, distribution, etc. 1980
300 ## - PHYSICAL DESCRIPTION
Extent xvi, 616p.
Other physical details ill.
504 ## - BIBLIOGRAPHY, ETC. NOTE
Bibliography, etc Includes bibliographies
650 #0 - SUBJECT ADDED ENTRY--TOPICAL TERM
Topical term or geographic name as entry element Mechanics of solids
700 ## - ADDED ENTRY--PERSONAL NAME
Personal name Jha, Prem Kumar
942 ## - ADDED ENTRY ELEMENTS (KOHA)
Koha item type General Book
Holdings
Koha item type Koha full call number Sublocation or collection (holding branch) Koha date last seen Date acquired Not for loan Price effective from Source of classification or shelving scheme Lost status Shelving location Koha normalized classification for sorting Copy number Damaged status Piece designation (barcode) Withdrawn status Location (home branch)
General Book531/SIN/1980Central Library, BUET2014-11-162014-11-16 2014-11-16  Circulation section531_000000000000000_SIN_19801 59249 Central Library, BUET
General Book531/SIN/1980Central Library, BUET2015-03-102015-03-10 2015-03-10  Circulation section531_000000000000000_SIN_19802 59250 Central Library, BUET
General Book531/SIN/1980Central Library, BUET2015-03-102015-03-10 2015-03-10  Circulation section531_000000000000000_SIN_19803 59252 Central Library, BUET
General Book531/SIN/1980Central Library, BUET2015-03-102015-03-10 2015-03-10  Circulation section531_000000000000000_SIN_19804 59245 Central Library, BUET
General Book531/SIN/1980Central Library, BUET2015-03-102015-03-10 2015-03-10  Circulation section531_000000000000000_SIN_19805 59246 Central Library, BUET
General Book531/SIN/1980Central Library, BUET2015-03-112015-03-11 2015-03-11   531_000000000000000_SIN_19806   Central Library, BUET
General Book531/SIN/1980Central Library, BUET2015-03-112015-03-11 2015-03-11  Circulation section531_000000000000000_SIN_19807 59248 Central Library, BUET
General Book531/SIN/1980Central Library, BUET2015-03-112015-03-11 2015-03-11  Circulation section531_000000000000000_SIN_19808 57348 Central Library, BUET
General Book531/SIN/1980Central Library, BUET2016-03-272015-03-22 2015-03-22  Circulation section531_000000000000000_SIN_19809 55367 Central Library, BUET
Reading Item531/SIN/1980Central Library, BUET2015-06-082015-06-08 2015-06-08  Reading section531_000000000000000_SIN_198010 59244 Central Library, BUET
Reading Item531/SIN/1980Central Library, BUET2015-06-082015-06-08 2015-06-08  Reading section531_000000000000000_SIN_198011 59243 Central Library, BUET